Interpretación del derecho y positivismo legalista

Furkejuvvon:
Bibliográfalaš dieđut
Váldodahkki: Ollero Tassara, Andrés (autor)
Materiálatiipa: Girji
Giella:espánnjágiella
Almmustuhtton: Madrid EDERSA 1982
Ráidu:Serie Manuales
Fáttát:
Fáddágilkorat: Lasit fáddágilkoriid
Eai fáddágilkorat, Lasit vuosttaš fáddágilkora!

MARC

LEADER 00000nam a2200000 a 4500
001 UCV1159
003 CL-VaPUC
008 891115e19820000SP |||||||||||||||||spa|d
082 0 4 |a 340.1  |b OLL  |2 21 
100 |a Ollero Tassara, Andrés  |e autor  |9 295400 
245 1 0 |a Interpretación del derecho y positivismo legalista 
300 |a 302 p 
942 |c BK 
945 |d 19891115 00:00:00 
260 |a Madrid  |b EDERSA  |c 1982 
650 7 |a INTERPRETACION DEL DERECHO  |2 CL-VaPUC  |9 295401 
650 0 |a Positivismo jurídico  |9 255992 
583 |a last modification  |c 20161003 01:02:01  |k Rodrigo Vera 
490 0 |a Serie Manuales 
999 |c 209195  |d 209193 
952 |0 0  |1 0  |4 0  |6 340_100000000000000_OLL_1982  |7 0  |8 DER_ROM  |9 184499  |a BIBDER  |b BIBDER  |d 2019-11-14  |i 2517590  |o 340.1 OLL 1982  |p 2517590  |r 2023-01-25  |w 2019-11-14  |x Ubicación 4to piso  |y BK  |z Este recurso debe solicitarse con anticipación  |k DER